| 000 | 00360nam a2200145Ia 4500 | ||
|---|---|---|---|
| 008 | 240624s9999 xx 000 0 und d | ||
| 041 | _aeng | ||
| 082 | _a519.5 LEV | ||
| 100 | _aLEVINE | ||
| 245 | _aBUSINESS STATISTICS A FIRST COURSE | ||
| 250 | _a(5rd ed.) | ||
| 260 |
_c2011 _aNew Delhi _bPearson Education |
||
| 300 | _a671 : p. : cm. ; 26 | ||
| 365 | _cRS | ||
| 999 |
_c25401 _d25401 |
||